Kvalita podnikateľského prostredia a rozvoj podnikania v slovenských regiónoch

Podnikanie fyzických a právnických osôb v SR. Hodnotenie podnikateľského prostredia v SR podľa ŠÚ SR. Podnikateľská aktivita FO a PO v okresoch SR v roku 2013.

Salvato in:
Dettagli Bibliografici
Autore principale: Šúbertová, Elena
Natura: Capitolo di libro
Lingua:slovacco
Soggetti:
Tags: Aggiungi Tag
Nessun Tag, puoi essere il primo ad aggiungerne!!

MARC

LEADER 00000nla a2200000 4500
001 0193462
005 20240502083449.4
041 0 |a slo 
044 |a CZ 
245 1 0 |a Kvalita podnikateľského prostredia a rozvoj podnikania v slovenských regiónoch  |c Elena Šúbertová 
520 |a Podnikanie fyzických a právnických osôb v SR. Hodnotenie podnikateľského prostredia v SR podľa ŠÚ SR. Podnikateľská aktivita FO a PO v okresoch SR v roku 2013. 
610 2 0 |a prostredie podnikateľské 
610 2 0 |a kvalita 
610 2 0 |a podnikatelia 
610 2 0 |a Slovensko 
610 2 0 |a regióny 
610 2 0 |a ukazovatele makroekonomické 
100 1 |a Šúbertová, Elena